00321nam a22001097a 4500008004100000020001500041050002800056100001600084245006500100260002900165300001700194180911b xxu||||| |||| 00| 0 eng d a8122426120 aHF5657.4b.G67 2009 c.1 aGopal, Rama aAccounting for Managers bStarting from basics. cRama Gopal aNew DelhibNew Agec2009 axviii, 497p.